Music Quiz

Random Music or Clip Quiz

Music of DOG: 2014 (Clip Quiz) Stats

 Plays Quiz not verified by Sporcle

Score 0/110 Timer 20:00
0 Plays Today
Number Title % Correct
1The Monster
80%
2Karma Chameleon
80%
20Chandelier
80%
3Happy
73.3%
15Wild Wild Love
73.3%
22Wannabe
73.3%
5Dark Horse
66.7%
12Brave
66.7%
16#SELFIE
66.7%
25Break My Stride
66.7%
30Problem
66.7%
37Super Bass
66.7%
43Fancy
66.7%
4Of the Night
60%
6Can't Remember to Forget You
60%
7Air Balloon
60%
9God Only Knows
60%
11Rather Be
60%
13Say Something
60%
17Adore You
60%
23Shot Me Down
60%
39Tightrope
60%
47The Sign
60%
60Boom Clap
60%
8Laughing With
53.3%
18Hey Now
53.3%
24Obsession (I Love You)
53.3%
29Stolen Dance
53.3%
34Your Woman
53.3%
35Jai Ho! (You Are My Destiny)
53.3%
36Waka Waka (This Time for Africa)
53.3%
69Black Widow
53.3%
14Addicted to You
46.7%
27Genius Next Door
46.7%
32Lifting Me
46.7%
40Va Va Voom
46.7%
42Princess of China
46.7%
Number Title % Correct
49Your Love Is My Drug
46.7%
50We Are Done
46.7%
54Geronimo
46.7%
66Ugly Heart
46.7%
72Bang Bang
46.7%
79Turn Down For What
46.7%
92Can I Get a Moment?
46.7%
105Take Me to Church
46.7%
10Take Me Home
40%
19Free
40%
21Wide Awake
40%
26Days Ahead
40%
28I Will Never Let You Down
40%
33High
40%
44Pills N Potions
40%
48Calling All Hearts
40%
53Faded
40%
55Nobody To Love
40%
56Waves
40%
58The Man
40%
59Something Beautiful
40%
65Stay High (Habits Remix)
40%
68Break Free
40%
70I'm Ready
40%
75Check Yes Juliet (Run Baby Run)
40%
78Shower
40%
81Slip Slidin' Away
40%
84Fireball
40%
85Heroes (we could be)
40%
86You Ruin Me
40%
87Secrets
40%
95The Days
40%
96Jubel
40%
97Freaks
40%
98In Your Arms
40%
100Lips Are Movin
40%
102Take Me Over
40%
Number Title % Correct
104I'm an Albatraoz
40%
108Southern Island
40%
31Bad
33.3%
38Strong
33.3%
41Don't Stop
33.3%
45The Power of Love
33.3%
46Crazy for You
33.3%
51Maps
33.3%
52Stuck On You
33.3%
57Blackout
33.3%
61Holding You
33.3%
62This Girl
33.3%
63Braveheart
33.3%
64Somebody To You
33.3%
67Another Man
33.3%
71We Can't Stop
33.3%
73Gladiator
33.3%
74Really Don't Care
33.3%
76Violet Hill
33.3%
77Bridges
33.3%
80Flashed Junk Mind
33.3%
82Don't Ask Me Why
33.3%
83Prayer in C (Robin Schulz Remix)
33.3%
88All About You
33.3%
89I Don't Believe You
33.3%
90When I Find Love Again
33.3%
91Skinny Love
33.3%
93Outside
33.3%
94Coming Back
33.3%
99Ah Yeah So What
33.3%
101Bed of Lies
33.3%
103Real Love
33.3%
106Maybe
33.3%
107If You Love Someone
33.3%
109Battle! Battle Chatelaine
33.3%
110Happy
33.3%

You're not logged in!

Compare scores with friends on all Sporcle quizzes.
OR
Log In

You Might Also Like...

Show Comments

Extras

Created Apr 19, 2017ReportNominate
Tags:Artist Quiz, Clip Quiz, 2014, dog, identify

Top Quizzes Today


Score Distribution

Your Account Isn't Verified!

In order to create a playlist on Sporcle, you need to verify the email address you used during registration. Go to your Sporcle Settings to finish the process.

Report this User

Report this user for behavior that violates our Community Guidelines.

Details: